000 00560nmm a2200157Ia 4500
008 251105s9999||||xx |||||||||||||||||und||
020 _a9789562846851
041 _aspa
100 _aDíaz Narváez, Víctor Patricio
245 0 _aMetodología de la investigación científica y bioestadística :
_b Para médicos, odontólogos y estudiantes de ciencias de la salud
264 _a[Santiago de Chile, Chile] :
_bRil editores,
_c2009
300 _a586 páginas
650 _aMedicine
856 _uhttps://public.digitaliapublishing.com/a/29778
942 _cCF
999 _c94449
_d94449